000 01273cam a22002054a 4500
005 20250605163922.0
008 250528s ||||||||||||||||||||||||d
035 _a14418
020 _a333947657
040 _aGR-AtMCL
_bgre
_dGR-AtMCL
_eAACR2
245 1 _aSleep and Dreaming / Third Edition
250 _a3rd
260 _bPalgrave Macmillan,
_c2002
300 _a254
520 _aA fascinating insight into this most universal of subjects, critically analyzing the most recent research by psychologists and neuroscientists and reviewing historical and cultural beliefs about dreams. Preface, Acknowledgements, The Context of Sleep Research, The Obvious: Beliefs about Sleep and Dreaming, Studying Sleep in the Laboratory, The Experience of Sleep, The Dreams of Rapid Eye Movement Sleep, The Quality of the Sleeping Experience, What is a Dream?, The Physiology and Natural History of Sleep, The Physiology of Sleep, Sleep Disturbance, The Psychology of Sleep, Determinants of Sleep Quality, The Sleep of Animals, The Evolution and Functions of Sleep, Sleep Disorders, Adult Sleep Disorders, The Psychological Treatment of Insomnia, Children's Sleep Problems, References, Index.
700 1 _aEmpson Jacob
_968
942 _cBK
999 _c51
_d51